Online Catalogue and eLibrary

Ganika wrthiya : (Record no. 5634)

MARC details
000 -LEADER
fixed length control field 00444nam a2200157Ia 4500
005 - DATE AND TIME OF LATEST TRANSACTION
control field 20250613031124.0
008 - FIXED-LENGTH DATA ELEMENTS--GENERAL INFORMATION
fixed length control field 240331s9999 xx 000 0 und d
020 ## - INTERNATIONAL STANDARD BOOK NUMBER
ISBN 9555732906
082 ## - DDC Classification
Item Number - Author Mark PER
Class No. 306
100 ## - MAIN ENTRY--PERSONAL NAME
Personal name Perera,S
245 #0 - TITLE STATEMENT
Title Ganika wrthiya :
Remainder of title bhawaya prabhavaya ha agamika mehewara
260 ## - PUBLICATION, DISTRIBUTION, ETC.
Place of publication, distribution, etc. Nugegoda
Name of publisher, distributor, etc. University Press
Date of publication, distribution, etc. 2005
300 ## - PHYSICAL DESCRIPTION
Extent (e.g. Volumes, Pages etc.) 85 p ., ( C 2)
500 ## - GENERAL NOTE
General note Prostitution - Origin and Religious Mission
942 ## - Koha item type (Biblio)
Koha item type Books in Stacks (Lending)
Holdings
Lost status Damaged status Collection code Home library Current library Shelving location Date acquired Full call number Accession Number Item type
    Lending WERC Library WERC Library Social Science Cupboard 03/31/2024 306.74 PER 3857 Books in Stacks (Lending)

© WERC Library